| 000 | 01052nam a2200253Ia 4500 | ||
|---|---|---|---|
| 001 | 23300 | ||
| 003 | GE_BSU | ||
| 008 | 181216s||||||||xx |||||||||||||| ||und|| | ||
| 040 | _cGE_BSU | ||
| 080 | _a94(479.22)"1832 | ||
| 100 | _aგოზალიშვილი, გიორგი | ||
| 245 | _a1832 წლის შეთქმულება. ტ. 2 : წინასიტყვაობა, მასალები, კომენტარები. | ||
| 245 | _cრედ. ი. კაჭარავა. | ||
| 260 | _aთბილისი | ||
| 260 | _bმერანი | ||
| 260 | _c1970 | ||
| 300 | _a655 გვ. 22სმ. | ||
| 300 | _eპირთა და გეოგრაფიულ სახელთა საძიებელი: გვ. 620-647. | ||
| 541 | _h3ლ. 64თ. | ||
| 653 | _a1832 წლის შეთქმულება. ტ. 2 | ||
| 653 | _aისტორია | ||
| 653 | _aწინასიტყვაობა, მასალები, კომენტარები. | ||
| 942 | _cBK | ||
| 999 |
_c56199 _d56199 |
||